|
|
|
|
| LEADER |
01073nam a22002777a 4500 |
| 001 |
41210 |
| 003 |
BD-DhAAL |
| 005 |
20230518104559.0 |
| 008 |
230516t1985 ko a|||| |||| 001 0 kor d |
| 020 |
|
|
|a 9788930624008
|
| 040 |
|
|
|a BD-DhAAL
|d BD-DhAAL
|
| 082 |
|
|
|2 22
|a 160
|
| 100 |
|
|
|a Barker, Stephen Francis
|9 54244
|
| 245 |
|
|
|a Basics of logic /
|c By Stephen F. Barker; Contributed by Seman Choi and Jaehee Lee
|
| 260 |
|
|
|a Paju, Korean :
|b Seogwangsa Temple,
|c ©1986
|
| 300 |
|
|
|a 441 pages :
|b illustrations ;
|c 24 cm.
|
| 500 |
|
|
|a Includes index
|
| 541 |
|
|
|a Complimentary copy from Dr. Sang Hoon Lee, Dean of Brac Business School, Brac University
|e 41210
|
| 650 |
|
|
|a Logic.
|
| 650 |
|
|
|a Logic
|x Textbooks.
|9 54274
|
| 700 |
|
|
|a Seman, Choi.
|9 54245
|
| 700 |
|
|
|a Lee, Jaehee
|9 54246
|
| 852 |
|
|
|a Ayesha Abed Library
|c General Stacks
|
| 942 |
|
|
|2 ddc
|c BK
|
| 999 |
|
|
|c 45763
|d 45763
|
| 952 |
|
|
|0 0
|1 0
|2 ddc
|4 0
|6 160_000000000000000_BAR
|7 0
|9 73640
|a BRACUL
|b BRACUL
|c GEN
|d 2023-05-16
|e Complimentary copy from Dr. Sang Hoon Lee
|l 0
|o 160 BAR
|p 3010041210
|r 2023-05-16
|t 1
|w 2023-05-16
|y BK
|